[Event "ch-POL"]
[Site "Warsaw POL"]
[Date "2010.01.16"]
[Round "8"]
[White "Swiercz,D"]
[Black "Bobras,P"]
[Result "1/2-1/2"]
[WhiteElo "2474"]
[BlackElo "2554"]

1.d4 Nf6 2.c4 g6 3.Nc3 d5 4.cxd5 Nxd5 5.e4 Nxc3 6.bxc3 Bg7 7.Bc4 c5 8.Ne2 Nc6
9.Be3 cxd4 10.cxd4 Qa5+ 11.Kf1 O-O 12.h4 h5 13.Rc1 Qa3 14.Qb3 Qxb3 15.Bxb3 Bd7
16.Nf4 Bxd4 17.Bxd4 Nxd4 18.Nxg6 Nxb3 19.Nxe7+ Kg7 20.axb3 Rfe8 21.Nf5+ Bxf5
22.exf5 Rac8 23.Rxc8 Rxc8 24.Rh3 Rc1+ 25.Ke2 Rc2+ 26.Ke1 Rc5 27.Rd3 Rxf5
28.f3 Rb5 29.Kd2 a5 30.Kc3 Rc5+  1/2-1/2

[Event "4th SOP-SMAOK Open"]
[Site "Athens GRE"]
[Date "2010.01.19"]
[Round "2"]
[White "Kaloskambis,M"]
[Black "Efentakis,N"]
[Result "0-1"]
[WhiteElo "2068"]
[BlackElo "1791"]

1.d4 Nf6 2.c4 g6 3.Nc3 d5 4.cxd5 Nxd5 5.e4 Nxc3 6.bxc3 Bg7 7.Bc4 c5 8.Ne2 Nc6
9.Be3 O-O 10.O-O Bd7 11.d5 Ne5 12.Bb3 Rc8 13.h3 Bb5 14.f4 Nc4 15.Bc1 e6 16.Rb1 exd5
17.e5 Bc6 18.a4 a6 19.Rf3 Qe7 20.Rd3 Rcd8 21.Ng3 b5 22.Bxc4 dxc4 23.Rd6 Rxd6
24.exd6 Rd8 25.dxe7 Rxd1+ 26.Kf2 Bf6 27.axb5 axb5 28.Ne2 Bxe7 29.Ra1 Rd8
30.Ra7 Bf8 31.Rc7  0-1

[Event "8th Parsvnath Open"]
[Site "New Delhi IND"]
[Date "2010.01.19"]
[Round "8"]
[White "Anurag,J"]
[Black "Sarkar,J"]
[Result "1/2-1/2"]
[WhiteElo "2214"]
[BlackElo "2378"]

1.d4 Nf6 2.c4 g6 3.Nc3 d5 4.cxd5 Nxd5 5.e4 Nxc3 6.bxc3 Bg7 7.Bc4 O-O 8.Ne2 c5
9.O-O Nc6 10.Be3 Na5 11.Bb3 b6 12.Qd2 e5 13.dxc5 Be6 14.cxb6 Nc4 15.Bxc4 Qxd2
16.Bxd2 Bxc4 17.Rfe1 axb6 18.Be3 b5 19.a3 Rfc8 20.Ng3 Bd3 21.Bd2 Bf8 22.Re3 Bc4
23.Bc1 Rd8 24.Re1 b4 25.cxb4 Bxb4 26.Bg5 Bxe1 27.Bxd8 Bc3 28.Rd1 Rxa3 29.Bf6 Bd4
30.Rc1 Ba6 31.Rb1 Ra1 32.Rxa1 Bxa1 33.Nf1 h5 34.Nd2 Bd3 35.Nf3 Bxe4 36.Bxe5 Bxf3
37.Bxa1  1/2-1/2

[Event "8th Parsvnath Open"]
[Site "New Delhi IND"]
[Date "2010.01.19"]
[Round "8"]
[White "Jumabayev,R"]
[Black "Das,Arg"]
[Result "0-1"]
[WhiteElo "2536"]
[BlackElo "2396"]

1.d4 Nf6 2.c4 g6 3.Nc3 d5 4.cxd5 Nxd5 5.e4 Nxc3 6.bxc3 Bg7 7.Bc4 c5 8.Ne2 Nc6
9.Be3 O-O 10.O-O Na5 11.Bd3 b6 12.Qd2 e5 13.d5 f5 14.Bg5 Qe8 15.exf5 gxf5
16.Ng3 Nb7 17.Rae1 Qf7 18.Bh6 f4 19.Bxg7 Qxg7 20.Ne4 Bf5 21.Qe2 Rae8 22.Nd2 e4
23.Nxe4 Bxe4 24.f3 Bxd5 25.Qd2 Qf7 26.Rxe8 Rxe8 27.Rd1 Bc6 28.Qf2 Qe7 29.Kf1 Nd6
30.Qc2 Nc8 31.Ba6 Nd6 32.h3 c4 33.Qd2 Nf5 34.Kg1 Ne3 35.Re1 Rd8 36.Qf2 Qg5
37.Kh2 b5 38.a3 Nf5 39.Qe2 Qg3+ 40.Kh1 Ne3 41.Rg1 Rd6 42.a4 Rg6 43.Bxb5 Bd5
44.Bd7 Qg5 45.a5 Rg7 46.Bc8 Qd8 47.Bg4 Qxa5 48.Qd2 Qb6 49.Re1 Qc5 50.Rb1 h5
51.Rb8+ Kh7 52.Qe1 Qe7 53.Qb1+ Kh6 54.Rh8+ Rh7 55.Bxh5 Be4 56.Qb8 Rxh8 57.Qxh8+ Bh7
58.Bg4 Qd6 59.h4 Nxg4 60.fxg4 Qd1+ 61.Kh2 Qxg4 62.Qf6+ Kh5 63.Qe5+ Qf5 64.Qe2+ Kxh4
65.Qxc4 a5 66.Qd4 Kg4 67.c4 Qd3 68.Qg7+ Bg6 69.c5 f3 70.c6 Qd6+ 71.Kh1 Qd1+
72.Kh2 Qd6+ 73.Kg1 Qxc6 74.Qd4+ Be4 75.gxf3+ Kxf3 76.Qf2+ Kg4 77.Qe2+ Bf3
78.Qd3 a4 79.Kf2 Qc5+ 80.Ke1 Qc1+ 81.Kf2 Qc5+ 82.Ke1 a3 83.Kd2 Qf2+ 84.Kc3 Qb2+  0-1

[Event "8th Parsvnath Open"]
[Site "New Delhi IND"]
[Date "2010.01.20"]
[Round "9"]
[White "Babu,NS"]
[Black "Konguvel,P"]
[Result "0-1"]
[WhiteElo "2330"]
[BlackElo "2420"]

1.d4 Nf6 2.c4 g6 3.Nc3 d5 4.cxd5 Nxd5 5.e4 Nxc3 6.bxc3 Bg7 7.Bg5 c5 8.Rc1 Qa5
9.Qd2 Nd7 10.Nf3 e5 11.dxe5 O-O 12.Bc4 Nxe5 13.Nxe5 Bxe5 14.Bd5 Be6 15.Bxb7 Rab8
16.Bd5 Bxd5 17.exd5 Qa6 18.f4 Bxc3 19.Rxc3 Rb1+ 20.Kf2 Rxh1 21.Be7 Rb8 22.Bxc5 Ra1
23.a3 Qf1+ 24.Kg3 Rd1 25.Qc2 Rxd5 26.Bxa7 Rbd8 27.Rf3 Rd3 28.Be3 Qa1 29.Bc1 Rxf3+
30.Kxf3 Qd4 31.Be3 Qd3 32.Qa4 h5 33.h3 Qf1+ 34.Kg3 Qe1+ 35.Kf3 h4 36.Qc6 Rb8
37.Qd5 Re8  0-1

[Event "8th Gibtelecom Masters"]
[Site "Caleta ENG"]
[Date "2010.01.29"]
[Round "4"]
[White "Byrn,C"]
[Black "Karavade,E"]
[Result "0-1"]
[WhiteElo "2171"]
[BlackElo "2405"]

1.d4 Nf6 2.c4 g6 3.Nc3 d5 4.cxd5 Nxd5 5.e4 Nxc3 6.bxc3 Bg7 7.Be3 c5 8.Qd2 Qa5
9.Nf3 O-O 10.Rb1 a6 11.Rc1 Rd8 12.d5 Bg4 13.c4 Qa3 14.Ng5 Nc6 15.h3 Bc8 16.Nf3 f5
17.Bd3 Nb4 18.Bb1 fxe4 19.Ng5 Bb2 20.O-O Bxc1 21.Rxc1 Nd3 22.Bxd3 Qxd3 23.Qxd3 exd3
24.Bxc5 h6 25.Ne4 Kf7 26.Bb6 Bf5 27.Bxd8 Rxd8 28.f3 b5 29.cxb5 axb5 30.Kf2 Rxd5
31.Ke3 b4 32.Rd1 Ra5 33.Rd2 Be6 34.Rb2 Rxa2 35.Rxa2 Bxa2 36.Kxd3 Bb1+ 37.Kc4 Bxe4
38.fxe4 Ke6 39.Kxb4 Ke5  0-1

[Event "8th Gibtelecom Masters"]
[Site "Caleta ENG"]
[Date "2010.01.30"]
[Round "5"]
[White "Hoffmann,Micha1"]
[Black "Stephan,Ax"]
[Result "1-0"]
[WhiteElo "2508"]
[BlackElo "2252"]

1.d4 Nf6 2.c4 g6 3.Nc3 d5 4.cxd5 Nxd5 5.e4 Nxc3 6.bxc3 Bg7 7.Nf3 O-O 8.Be2 c5
9.O-O b6 10.Bg5 Bb7 11.Qd3 h6 12.Bh4 Ba6 13.Qe3 Bxe2 14.Qxe2 cxd4 15.cxd4 Nc6
16.Rad1 Qd7 17.d5 Na5 18.e5 e6 19.d6 Rfc8 20.Bg3 Rc5 21.Nd2 Rc2 22.Rc1 Rac8
23.Rxc2 Rxc2 24.Qd3 Rc8 25.h4 h5 26.Re1 Nc6 27.Nf3 Nb8 28.Ng5 Bh6 29.Bf4 Bxg5
30.Bxg5 Qa4 31.Qf3 Qd7 32.Qf6 Kh7 33.Re4 Rg8 34.Rf4 Rg7 35.Qe7  1-0

[Event "8th Gibtelecom Masters"]
[Site "Caleta ENG"]
[Date "2010.02.02"]
[Round "8"]
[White "Thingstad,E"]
[Black "Gonzalez Amaya,M"]
[Result "1-0"]
[WhiteElo "2141"]
[BlackElo "1805"]

1.d4 Nf6 2.c4 g6 3.Nc3 d5 4.cxd5 Nxd5 5.e4 Nxc3 6.bxc3 Bg7 7.Nf3 O-O 8.Be2 c5
9.Rb1 cxd4 10.cxd4 Qa5+ 11.Bd2 Qxa2 12.O-O Bg4 13.Bg5 Nc6 14.d5 Ne5 15.Bxe7 Rfe8
16.Rxb7 Rab8 17.Rxb8 Rxb8 18.h3 Bxf3 19.Bxf3 h5 20.Be2 Rb2 21.Bf3 a5 22.d6 Qe6
23.Qa4 Ra2 24.Qe8+ Kh7 25.Bd1 Ra3 26.Qa8 Nd3 27.d7 Qxd7 28.Bxa3  1-0

[Event "8th Gibtelecom Masters"]
[Site "Caleta ENG"]
[Date "2010.02.02"]
[Round "8"]
[White "Gandrud,V"]
[Black "Wantiez,F"]
[Result "1/2-1/2"]
[WhiteElo "2158"]
[BlackElo "2315"]

1.d4 Nf6 2.c4 g6 3.Nc3 d5 4.cxd5 Nxd5 5.e4 Nxc3 6.bxc3 Bg7 7.Nf3 c5 8.Rb1 O-O
9.Be2 cxd4 10.cxd4 Qa5+ 11.Bd2 Qxa2 12.O-O Nd7 13.Qc1 Nb6 14.Rb2 Qe6 15.e5 Bd7
16.Ba5 Rfc8 17.Qg5 h6 18.Qg3 Nc4 19.Bxc4 Qxc4 20.Rxb7 Bc6 21.Rxe7 Bf8 22.Rc7 Rxc7
23.Bxc7 Bb5 24.Re1 Qxc7 25.h4 Bg7 26.d5 Qc5 27.d6 Bd7 28.Qf4 Re8 29.Rc1 Bxe5
30.Nxe5 Qxe5 31.Qxe5 Rxe5 32.Rc7 Be6 33.d7 Bxd7 34.Rxd7 a5 35.Ra7 h5 36.g3 Kf8
37.Kg2 Rb5 38.Kh2 f6 39.Kg2 g5 40.hxg5 fxg5 41.Kf3 Ke8 42.Ke4 h4 43.gxh4 gxh4
44.Kf3 Rh5 45.Kg2 h3+ 46.Kh2 Kd8 47.f4 Kc8 48.f5 Rxf5 49.Kxh3 Kb8 50.Re7 Rg5
51.Kh4 Rg6 52.Re5 Ra6 53.Kg3 a4 54.Re2 Kb7 55.Kf2 Kc6 56.Ke1 Kb5 57.Kd2 a3
58.Kc3 a2 59.Re5+ Ka4 60.Kb2 Kb4 61.Re4+ Kc5 62.Ka1 Kd5 63.Re2 Kc4 64.Rxa2 Rb6
65.Rc2+ Kd3 66.Rc8  1/2-1/2

[Event "Georgi Tringov Mem"]
[Site "Plovdiv BUL"]
[Date "2010.02.02"]
[Round "4"]
[White "Andreev,Sa"]
[Black "Drenchev,P"]
[Result "0-1"]
[WhiteElo "2153"]
[BlackElo "2477"]

1.d4 Nf6 2.c4 g6 3.Nc3 d5 4.cxd5 Nxd5 5.e4 Nxc3 6.bxc3 Bg7 7.Bc4 c5 8.Ne2 Nc6
9.Be3 O-O 10.O-O Qc7 11.Rc1 Rd8 12.Qa4 Bd7 13.Qa3 Bf8 14.Qb2 Bg7 15.Qa3 Bf8
16.Qb2 b5 17.Bd3 Be8 18.Qd2 Qa5 19.d5 c4 20.Bb1 e6 21.Bg5 Rd6 22.Bf4 Rd7
23.Rfd1 exd5 24.exd5 Rad8 25.Qe3 Qa3 26.h4 Qc5 27.Bg5 Qxe3 28.fxe3 Bc5 29.Kf1 f6
30.Bf4 Rxd5 31.Nd4 Nxd4 32.cxd4 Ba3 33.Rc2 f5 34.Kf2 Bc6 35.h5 Bd6 36.Bg5 Re8
37.hxg6 hxg6 38.Re2 Kg7 39.a4 b4 40.Rc1 c3 41.Rh1 Ra5 42.Rh4 b3 43.Bd3 Be4
44.Bc4 b2  0-1

[Event "8th Gibtelecom Masters"]
[Site "Caleta ENG"]
[Date "2010.02.03"]
[Round "9"]
[White "Andersen,N"]
[Black "Schuetze,N"]
[Result "0-1"]
[WhiteElo "1965"]
[BlackElo "2269"]

1.d4 Nf6 2.c4 g6 3.Nc3 d5 4.cxd5 Nxd5 5.e4 Nxc3 6.bxc3 Bg7 7.Bc4 c5 8.Ne2 O-O
9.O-O Nc6 10.Be3 Bd7 11.Rb1 Qc7 12.Nf4 cxd4 13.Nd5 Qe5 14.cxd4 Qxe4 15.Rxb7 Rad8
16.Nc3 Qh4 17.g3 Qh3 18.Bd5 Be8 19.Rc7 Qf5 20.Qf3 Qxf3 21.Bxf3 Nxd4 22.Bg2 Ne6
23.Rc4 a6 24.a4 Bxc3 25.Rxc3 Bxa4 26.Ra1 Bb5 27.Bb7 Rd6 28.Bh6 Rfd8 29.Bg2 Rd1+
30.Rxd1 Rxd1+ 31.Bf1 Rxf1+ 32.Kg2 Rd1  0-1

[Event "15th HIT Open B"]
[Site "Nova Gorica SLO"]
[Date "2010.02.03"]
[Round "5"]
[White "Stolfa,R"]
[Black "Skok,J"]
[Result "0-1"]
[WhiteElo "1886"]
[BlackElo "2018"]

1.d4 Nf6 2.c4 g6 3.Nc3 d5 4.cxd5 Nxd5 5.e4 Nxc3 6.bxc3 Bg7 7.Bc4 c5 8.Ne2 cxd4
9.cxd4 Nc6 10.Be3 Qa5+ 11.Bd2 Qb6 12.Rb1 Qd8 13.Bc3 O-O 14.O-O Qc7 15.Qb3 Na5
16.Bxa5 Qxa5 17.Qb4 Qxb4 18.Rxb4 b6 19.Bd5 Rb8 20.Rfb1 Rd8 21.Bc6 Ba6 22.Bb5 Bxb5
23.Rxb5 Bxd4 24.Nxd4 Rxd4 25.f3 Rbd8 26.h3 Ra4 27.R1b2 Rd1+ 28.Kh2 Ra1 29.Rd2 R1xa2
30.Rd7 e6 31.h4 Kg7 32.h5 Ra5 33.h6+ Kxh6 34.Rxa5 Rxa5 35.Rxf7 e5 36.Kg3 a6
37.f4 exf4+ 38.Kg4 Rb5 39.Kxf4 g5+ 40.Ke3 Kg6 41.Rf2 Rb4 42.g3 h5 43.e5 h4
44.e6 Rb1 45.Re2 Kf6 46.Kf2 Ke7 47.gxh4 gxh4 48.Kg2 Rb3 49.Kg1 a5  0-1

[Event "ch-ROU w"]
[Site "Baile Olanesti ROU"]
[Date "2010.02.04"]
[Round "6"]
[White "Berintan,T2"]
[Black "Adam,Andrea"]
[Result "1/2-1/2"]
[WhiteElo "1862"]
[BlackElo "1912"]

1.d4 Nf6 2.c4 g6 3.Nc3 d5 4.cxd5 Nxd5 5.e4 Nxc3 6.bxc3 Bg7 7.Bc4 c5 8.Ne2 Nc6
9.Be3 cxd4 10.cxd4 O-O 11.O-O b6 12.Rc1 Bb7 13.f3 Rc8 14.Qd2 Qd7 15.Rfd1 Rfd8
16.Kh1 Na5 17.Bd3 Qa4 18.e5 Nc4 19.Bxc4 Rxc4 20.Rxc4 Qxc4 21.Rc1 Qb5 22.f4 Qd7
23.Kg1 e6 24.Qb2 b5 25.Rc5 a6 26.Qc2 Rc8 27.Rxc8+ Qxc8 28.Qxc8+ Bxc8 29.Bd2 Bf8
30.Nc1 f6 31.Kf2 Kf7 32.Nd3 fxe5 33.fxe5 Bb7 34.Bc1 b4 35.Nc5 Bxc5 36.dxc5 Bd5
37.a3 b3 38.g3 g5 39.Ke3 Kg6 40.g4 h5 41.gxh5+ Kxh5 42.Kd3 a5 43.Kc3 a4 44.Kb4 Bc6
45.Kc3 g4 46.Bf4 Kg6 47.Bc1 Kf5 48.Kd4 Bd5 49.Bb2 Kf4 50.Bc1+ Kf3 51.Kd3 Bc6
52.Bg5 Bb5+ 53.Kc3 Ke4 54.Bf6 Kd5 55.Bg7 Kxc5 56.Bf6 Kd5 57.Bg7 Ke4 58.Bf6 Kf4
59.Bg7 Kf3 60.Bh6 Bc6 61.Bg5 Ke2 62.Bf4 Kd1 63.Bg5  1/2-1/2

[Event "Open A"]
[Site "Moscow RUS"]
[Date "2010.02.04"]
[Round "6"]
[White "Krylov,M RUS"]
[Black "Azarov,S"]
[Result "1/2-1/2"]
[WhiteElo "2511"]
[BlackElo "2622"]

1.d4 Nf6 2.c4 g6 3.Nc3 d5 4.cxd5 Nxd5 5.e4 Nxc3 6.bxc3 Bg7 7.Nf3 c5 8.Rb1 O-O
9.Be2 b6 10.O-O Ba6 11.Be3 Bxe2 12.Qxe2 Qc8 13.e5 Nc6 14.dxc5 Nxe5 15.Nxe5 Bxe5
16.cxb6 axb6 17.Bxb6 Bxc3 18.Rfc1 Qf5 19.Qxe7 Rxa2 20.Qc5 Qxc5 21.Bxc5 Bb2
22.Bxf8 Bxc1 23.Rxc1  1/2-1/2

[Event "TCh-ISR"]
[Site "Israel ISR"]
[Date "2010.02.05"]
[Round "3"]
[White "Tarnopolsky,A"]
[Black "Ganor,D"]
[Result "1/2-1/2"]
[WhiteElo "2312"]
[BlackElo "2347"]

1.d4 Nf6 2.c4 g6 3.Nc3 d5 4.cxd5 Nxd5 5.e4 Nxc3 6.bxc3 Bg7 7.Be3 c5 8.Rc1 Qa5
9.Qd2 cxd4 10.cxd4 Qxd2+ 11.Kxd2 O-O 12.Bd3 Nc6 13.Ne2 Rd8 14.Rc4 e6 15.Rb1 Na5
16.Ra4 b6 17.Bg5 f6 18.Be3 Bd7 19.Ra3 Be8 20.Rc3 Bf8 21.Ba6 Bd6 22.Ke1 Bd7
23.Bf4 Bxf4 24.Nxf4 g5 25.Nh5 Kf7 26.Rc7 Kg6 27.g4 Bc6 28.d5 exd5 29.Rc1 Rd6
30.e5 fxe5 31.Bc8 Rxc8 32.Rxc8 Bd7 33.Rg8+ Kh6 34.f3 Nb7 35.Rc7 Nc5 36.Rxa7 d4
37.Ng3 Rc6 38.h4 Rg6 39.Rxg6+ hxg6 40.h5 gxh5 41.Nxh5 Be6 42.Ng7 Bd7 43.Nf5+  1/2-1/2

[Event "Bundesliga 2009-10"]
[Site "Remagen GER"]
[Date "2010.02.07"]
[Round "9"]
[White "Goriachnik,D"]
[Black "Teske,H"]
[Result "0-1"]
[WhiteElo "2324"]
[BlackElo "2545"]

1.d4 Nf6 2.c4 g6 3.Nc3 d5 4.cxd5 Nxd5 5.e4 Nxc3 6.bxc3 Bg7 7.Nf3 O-O 8.Ba3 b6
9.Bc4 Bb7 10.Qd3 c5 11.Rc1 Nc6 12.dxc5 bxc5 13.Bxc5 Rc8 14.Be3 Qc7 15.O-O Ne5
16.Nxe5 Bxe5 17.f4 Bxf4 18.Rxf4 Qxc4 19.Qxc4 Rxc4 20.Bd4 Ra4 21.Rc2 f6 22.e5 fxe5
23.Rxf8+ Kxf8 24.Bxe5 Bd5 25.Rf2+ Ke8 26.Rb2 Kd7 27.Bd4 a6 28.g3 Rxa2 29.Rxa2 Bxa2
30.Kf2 Kd6 31.Ke2 Bc4+ 32.Kd2 a5 33.Bb6 a4 34.Ba5 Kd5 35.Bb4 e5 36.Bf8 Bb5
37.Be7 Kc4 38.Kc2 e4 39.Bg5 a3 40.Bd2 Ba4+ 41.Kc1 Kd3 42.Be1 Ke2  0-1

[Event "TCh-Eur Seniors"]
[Site "Dresden GER"]
[Date "2010.02.14"]
[Round "5"]
[White "Goy,U"]
[Black "Kristiansen,E"]
[Result "1-0"]
[WhiteElo "2232"]
[BlackElo "2208"]

1.d4 Nf6 2.c4 g6 3.Nc3 d5 4.cxd5 Nxd5 5.e4 Nxc3 6.bxc3 Bg7 7.Nf3 O-O 8.Be2 c5
9.Rb1 cxd4 10.cxd4 b6 11.O-O Bb7 12.d5 Nd7 13.Be3 Rc8 14.Qa4 a6 15.Rfc1 b5
16.Qa3 Re8 17.Nd4 Nb8 18.Qb4 e6 19.dxe6 fxe6 20.Rxc8 Bxc8 21.Rd1 Qf6 22.Qd6 Qe5
23.Qxe5 Bxe5 24.f4 Bc7 25.e5 Bb7 26.Kf2 Bd5 27.Rd2 Ba5 28.Rc2 Be4 29.Rc1 Bd5
30.Bf3 Bc4 31.Nb3 Bb4 32.Rc2 Rd8 33.Nd2 Bd3 34.Rc7 g5 35.Ne4 Bc4 36.Nf6+ Kf8
37.f5 Bd2 38.Nxh7+  1-0

[Event "TCh-Eur Seniors"]
[Site "Dresden GER"]
[Date "2010.02.15"]
[Round "6"]
[White "Rasmussen,L1"]
[Black "Mishuchkov,N"]
[Result "1/2-1/2"]
[WhiteElo "2065"]
[BlackElo "2396"]

1.d4 Nf6 2.c4 g6 3.Nc3 d5 4.cxd5 Nxd5 5.e4 Nxc3 6.bxc3 Bg7 7.Bc4 c5 8.Ne2 O-O
9.O-O Nc6 10.Be3 Bd7 11.Rb1 Rb8 12.dxc5 Na5 13.Bb3 Qc7 14.Qc2 Rfd8 15.Rfc1 e6
16.Nf4 Bf8 17.Nd3 Bb5 18.c4 Bc6 19.f3 Bg7 20.Rd1 Be8 21.Nb4 Bf8 22.Nd3 Nc6
23.f4 Bg7 24.e5 f6 25.exf6 Bxf6 26.Qf2 Nd4 27.Ne5 Nc6 28.Ng4 Bg7 29.h3 Rxd1+
30.Rxd1 Rd8 31.Rxd8 Qxd8 32.Qd2 Qxd2 33.Bxd2 h5 34.Nf2 Bd4 35.Kf1 Ne7 36.Ne4 Bc6
37.Ng5 Nf5 38.g4 Ng3+ 39.Ke1 h4 40.Nxe6 Bg1 41.Bc2 Bg2 42.Ng5 Bxc5 43.Bxg6 Be7
44.Bf7+ Kg7 45.Bd5 Bf1 46.Ne6+ Kh8 47.f5 Bxh3 48.Bg5 Bb4+ 49.Kf2 Bxg4 50.Bxh4 Nxf5  1/2-1/2

[Event "9th Aeroflot Open A"]
[Site "Moscow RUS"]
[Date "2010.02.15"]
[Round "7"]
[White "Pashikian,A"]
[Black "Nepomniachtchi,I"]
[Result "0-1"]
[WhiteElo "2647"]
[BlackElo "2658"]

1.d4 Nf6 2.c4 g6 3.Nc3 d5 4.cxd5 Nxd5 5.e4 Nxc3 6.bxc3 Bg7 7.Be3 c5 8.Rc1 Qa5
9.Qd2 O-O 10.Nf3 Nd7 11.Bd3 e5 12.d5 b5 13.O-O c4 14.Bc2 Qa3 15.Rb1 Rb8 16.Qc1 Qxc1
17.Rfxc1 a5 18.a4 b4 19.cxb4 axb4 20.Bd1 c3 21.Be2 f5 22.g3 Rf6 23.Bb5 Bf8
24.Bc6 Bd6 25.a5 Rf8 26.exf5 Nc5 27.Nxe5 Bxf5 28.Nc4 Bxb1 29.Nxd6 Bd3 30.Bd4 Nb3
31.Rxc3 bxc3 32.Bxc3  0-1

[Event "BSF 75th Ann."]
[Site "Bronshoj DEN"]
[Date "2010.02.16"]
[Round "2"]
[White "Andersen,OB"]
[Black "Andersen,Dani"]
[Result "1-0"]
[WhiteElo "2125"]
[BlackElo "2024"]

1.d4 Nf6 2.c4 g6 3.Nc3 d5 4.cxd5 Nxd5 5.e4 Nxc3 6.bxc3 Bg7 7.Nf3 O-O 8.Be2 c5
9.Rb1 b6 10.O-O Bb7 11.Qd3 Ba6 12.Qe3 cxd4 13.cxd4 Bxe2 14.Qxe2 Nc6 15.d5 Na5
16.Bb2 Rc8 17.Bxg7 Kxg7 18.Qb2+ f6 19.Ng5 Nc4 20.Ne6+ Kg8 21.Nxd8 Nxb2 22.Nc6 Rxc6
23.dxc6 Na4 24.Rfc1 Nc5 25.Rxc5 bxc5 26.c7  1-0

[Event "BSF 75th Ann."]
[Site "Bronshoj DEN"]
[Date "2010.02.16"]
[Round "3"]
[White "Hvenekilde,J"]
[Black "Aabling Thomsen,J"]
[Result "0-1"]
[WhiteElo "2190"]
[BlackElo "2312"]

1.d4 Nf6 2.c4 g6 3.Nc3 d5 4.cxd5 Nxd5 5.e4 Nxc3 6.bxc3 Bg7 7.Ba3 O-O 8.Qb3 Nd7
9.Nf3 c5 10.Be2 cxd4 11.cxd4 Nf6 12.e5 Nd5 13.O-O b6 14.Ng5 Bb7 15.Bf3 Qd7
16.Rfe1 Nf4 17.Rad1 Bd5 18.Bxd5 Qxd5 19.Qg3 Qxa2 20.Qf3 Nd5 21.Rc1 Qd2 22.h4 Rad8
23.Rcd1 Qc3 24.Qxc3 Nxc3 25.Bxe7 Nxd1 26.Bxd8 Rxd8 27.Rxd1 Bxe5 28.Nf3 Bf6  0-1

[Event "9th Aeroflot Open A"]
[Site "Moscow RUS"]
[Date "2010.02.16"]
[Round "8"]
[White "Volkov,Sergey1"]
[Black "Melkumyan,H"]
[Result "0-1"]
[WhiteElo "2623"]
[BlackElo "2583"]

1.d4 Nf6 2.c4 g6 3.Nc3 d5 4.cxd5 Nxd5 5.e4 Nxc3 6.bxc3 Bg7 7.Qa4+ Nd7 8.Bg5 O-O
9.Rd1 c5 10.Qa3 cxd4 11.cxd4 Qb6 12.e5 f6 13.Bc4+ Kh8 14.exf6 exf6 15.Be3 Qc6
16.Be2 Nb6 17.Rc1 Qe6 18.h4 Re8 19.Nh3 Bf8 20.Qb2 Nd5 21.Bc4 Bb4+ 22.Ke2 Qg4+
23.Kf1 Bc3 24.Qb5 Nxe3+ 25.fxe3 Rxe3 26.h5 g5 27.Rxc3 Qd1+ 28.Kf2 Qd2+ 29.Kg1 Qxc3
30.Nxg5 Re1+ 31.Kh2 Rxh1+ 32.Kxh1 Qc1+ 33.Kh2 Qxg5 34.Qe8+ Kg7 35.Qg8+ Kh6
36.Qf8+ Qg7 37.Qe8 Qxg2+ 38.Kxg2 Bh3+ 39.Kxh3 Rxe8 40.Kg3 Re4  0-1

[Event "9th Aeroflot Open A"]
[Site "Moscow RUS"]
[Date "2010.02.16"]
[Round "8"]
[White "Bacrot,E"]
[Black "Timofeev,Arty"]
[Result "1/2-1/2"]
[WhiteElo "2713"]
[BlackElo "2652"]

1.d4 Nf6 2.c4 g6 3.Nc3 d5 4.cxd5 Nxd5 5.e4 Nxc3 6.bxc3 Bg7 7.Nf3 c5 8.Be3 Qa5
9.Qd2 O-O 10.Rc1 Rd8 11.d5 Nc6 12.Be2 e6 13.Bg5 f6 14.Be3 exd5 15.exd5 Ne7
16.c4 Qxd2+ 17.Nxd2 b6 18.g4 f5 19.g5 Re8 20.Kd1 Bd7 21.Re1 Ba4+ 22.Nb3 Rad8
23.Kc2 Nc8 24.Bd3 Re7 25.Bf4 Rde8 26.Rxe7 Rxe7 27.Kd2 Kf7 28.h4 Be5 29.Bxe5 Rxe5
30.f4 Re7 31.Re1 Rxe1 32.Kxe1 Bxb3  1/2-1/2

[Event "Uxbridge Int Alekhine"]
[Site "Uxbridge ENG"]
[Date "2010.02.16"]
[Round "6"]
[White "Richter Becerra,H"]
[Black "Poobalasingam,P"]
[Result "1-0"]
[WhiteElo "2165"]
[BlackElo "2341"]

1.d4 Nf6 2.c4 g6 3.Nc3 d5 4.cxd5 Nxd5 5.e4 Nxc3 6.bxc3 Bg7 7.Nf3 c5 8.Rb1 O-O
9.Be2 cxd4 10.cxd4 Qa5+ 11.Bd2 Qxa2 12.O-O Bg4 13.Rxb7 Bxf3 14.Bxf3 Bxd4
15.Bb4 Rd8 16.Qc1 e6 17.e5 Bxe5 18.Qg5 f6 19.Qh6 Nd7 20.Rxd7 Rxd7 21.Bxa8 Rd8
22.Bf3 a5 23.Be7 Rb8 24.Rd1 a4 25.g3 f5 26.Bd6 Bg7 27.Qe3 Rd8 28.Kg2 h6 29.Qb6 Rc8
30.Bc7 Qb3 31.Qd6 g5 32.Bd5 exd5 33.Qe6+ Kh7 34.Qxf5+  1-0

[Event "BSF 75th Ann."]
[Site "Bronshoj DEN"]
[Date "2010.02.17"]
[Round "4"]
[White "Andersen,OB"]
[Black "Mikkelsen,N"]
[Result "0-1"]
[WhiteElo "2125"]
[BlackElo "2381"]

1.d4 Nf6 2.c4 g6 3.Nc3 d5 4.cxd5 Nxd5 5.e4 Nxc3 6.bxc3 Bg7 7.Nf3 c5 8.Rb1 O-O
9.Be2 Nc6 10.d5 Ne5 11.Nxe5 Bxe5 12.Qd2 e6 13.f4 Bc7 14.dxe6 Bxe6 15.O-O Rb8
16.f5 Qxd2 17.Bxd2 gxf5 18.exf5 Bxa2 19.Ra1 Bd5 20.c4 Rfe8 21.Bd3 Bc6 22.Rxa7 Ra8
23.Rxa8 Rxa8 24.Be1 Ra3 25.Be2 Be5 26.Bf2 b6 27.Rd1 Ra2 28.f6 Bxf6 29.Rd6 Be7
30.Rxc6 Rxe2 31.Kf1 Rc2 32.Rxb6 Rxc4 33.Rb7 Kf8 34.Rb8+ Kg7 35.Ke2 Rc2+ 36.Kf3 Bf6
37.Rc8 c4 38.Rc5 Rxf2+  0-1

[Event "BSF 75th Ann."]
[Site "Bronshoj DEN"]
[Date "2010.02.17"]
[Round "4"]
[White "Rosenkilde,A"]
[Black "Picard,Ro"]
[Result "1/2-1/2"]
[WhiteElo "2215"]
[BlackElo "2365"]

1.d4 Nf6 2.c4 g6 3.Nc3 d5 4.cxd5 Nxd5 5.e4 Nxc3 6.bxc3 Bg7 7.Bc4 c5 8.Ne2 O-O
9.O-O Nc6 10.Be3 Bd7 11.Rb1 a6 12.dxc5 Qc7 13.f4 Rfd8 14.Qc2 e6 15.Kh1 Bf8
16.Bd3 Be8 17.Nd4 Na5 18.f5 e5 19.fxg6 hxg6 20.Nb3 Rxd3 21.Qxd3 Bb5 22.Qc2 Bxf1
23.Rxf1 Rd8 24.Qe2 Nxb3 25.axb3 Bxc5 26.Bg5 Be7 27.Bxe7 Qxe7 28.Rd1 Rxd1+
29.Qxd1 Qc5 30.Qd3 b5 31.b4 Qf2 32.h3 Kg7 33.Kh2 Qe1 34.Qc2 Qf1 35.Qd2 Kh7
36.Qe3 Qb1 37.Qf3 Kg7 38.Qe2 Qc1 39.Qd3 Qe1 40.Qc2 Qf1 41.Qd2 Kg8 42.Qd8+ Kh7
43.Qd5 Qf4+ 44.Kg1 Kg7 45.Qd3 Kh6 46.g3 Qc1+ 47.Kg2 Qe1 48.h4 Kg7 49.Kf3 Kh6
50.Kg2 Kg7 51.Kf3 Qc1 52.Kg2 g5 53.hxg5 Qxg5 54.Qd6 Qf6 55.Qd5 Qe7 56.Qd2 Kg6
57.Qd1 Qe6 58.Qd8 Qc6 59.Qg8+ Kf6 60.Qh8+ Ke6 61.Qh3+ Ke7 62.Qh4+ Qf6 63.Qg4 Qd6  1/2-1/2

[Event "9th Aeroflot Open A"]
[Site "Moscow RUS"]
[Date "2010.02.17"]
[Round "9"]
[White "Ghaem Maghami,E"]
[Black "Khusnutdinov,R"]
[Result "1/2-1/2"]
[WhiteElo "2589"]
[BlackElo "2513"]

1.d4 Nf6 2.c4 g6 3.Nc3 d5 4.cxd5 Nxd5 5.e4 Nxc3 6.bxc3 Bg7 7.Ba3 b6 8.Bc4 Bb7
9.Nf3 O-O 10.O-O Nc6 11.Bd3 Na5 12.Qe2 c5 13.Rad1 Qc7 14.Rfe1 Rfd8 15.Bb2  1/2-1/2

[Event "9th Aeroflot Open A"]
[Site "Moscow RUS"]
[Date "2010.02.17"]
[Round "9"]
[White "Korobov,A"]
[Black "Nguyen Ngoc Truong Son"]
[Result "1-0"]
[WhiteElo "2648"]
[BlackElo "2616"]

1.d4 Nf6 2.c4 g6 3.Nc3 d5 4.cxd5 Nxd5 5.e4 Nxc3 6.bxc3 Bg7 7.Bc4 c5 8.Ne2 Nc6
9.Be3 cxd4 10.cxd4 O-O 11.O-O Na5 12.Bd3 Nc6 13.e5 Be6 14.Qb1 Rc8 15.Rd1 Na5
16.Nf4 Bg4 17.Re1 Qd7 18.h3 Bf5 19.Bxf5 gxf5 20.Nh5 Nc4 21.Qb3 Rc6 22.Rad1 Nxe3
23.Qxe3 Bh6 24.Qf3 Rg6 25.d5 Bg5 26.Ng3 f4 27.Ne4 Bh4 28.d6 exd6 29.exd6 b6
30.Kh1 f5 31.Qxf4 Bd8 32.Ng3 b5 33.Rd5 Bg5 34.Qe5 f4 35.Nf5 f3 36.Ne7+  1-0

[Event "9th Aeroflot Open A"]
[Site "Moscow RUS"]
[Date "2010.02.17"]
[Round "9"]
[White "McShane,L"]
[Black "Danin,A"]
[Result "1-0"]
[WhiteElo "2616"]
[BlackElo "2519"]

1.d4 Nf6 2.c4 g6 3.Nc3 d5 4.cxd5 Nxd5 5.e4 Nxc3 6.bxc3 Bg7 7.Nf3 c5 8.Rb1 O-O
9.Be2 cxd4 10.cxd4 Qa5+ 11.Bd2 Qxa2 12.O-O Bg4 13.Bg5 h6 14.Be3 Nc6 15.d5 Ne5
16.Rxb7 e6 17.d6 Rfd8 18.Re1 Bxf3 19.gxf3 Qa3 20.f4 Rxd6 21.Qc1 Qxc1 22.Rxc1 Nd3
23.Rcc7 Rf8 24.e5 Rd5 25.Bxd3 Rxd3 26.Bc5 Rc3 27.Bxf8 Rxc7 28.Rxc7 Bxf8 29.Rxa7 Kg7
30.Kg2 Bc5 31.Rc7 Bb6 32.Rc6 Bd4 33.Kf3 Ba7 34.Rc7 Bb6 35.Rc6 Ba7 36.Rc2 Bb6
37.Ke4 Bd8 38.Kd4 Be7 39.f3 Ba3 40.Kc4 Kf8 41.Kb5 Ke8 42.Kc6 Bf8 43.Ra2 h5
44.Ra4 Bg7 45.Kc5 Ke7 46.Ra7+ Ke8 47.Ra8+ Ke7 48.Kd4 Bh6 49.Ke4 Bg7 50.Rg8 Bf8
51.h3 Bh6 52.Ke3 Bf8 53.Kd4 Bh6 54.Ke4 Bf8 55.f5 exf5+ 56.Kd5 Bh6 57.Rb8 Bg5
58.Rb7+ Kf8 59.e6 fxe6+ 60.Kxe6 Kg8 61.Rb4 Bd2 62.Rc4 Kg7 63.Rc7+ Kh6 64.Kf6 h4
65.Rc8 Bg5+ 66.Kf7 Be3 67.Re8 Bd2 68.Re2 Bc1 69.Rg2 Bg5 70.Rg1 Kh5 71.Kg7 Bh6+
72.Kf6  1-0

[Event "BSF 75th Ann."]
[Site "Bronshoj DEN"]
[Date "2010.02.18"]
[Round "6"]
[White "Andersen,OB"]
[Black "Andersen,Mad"]
[Result "0-1"]
[WhiteElo "2125"]
[BlackElo "2300"]

1.d4 Nf6 2.c4 g6 3.Nc3 d5 4.cxd5 Nxd5 5.e4 Nxc3 6.bxc3 Bg7 7.Nf3 c5 8.Rb1 O-O
9.Be2 b6 10.O-O Bb7 11.Qd3 Ba6 12.Qe3 Qd7 13.Bxa6 Nxa6 14.Qe2 Nc7 15.Rd1 Qa4
16.Be3 Rad8 17.Rbc1 Rfe8 18.Qc2 Qxc2 19.Rxc2 Nb5 20.a4 Na3 21.Ra2 Nc4 22.Nd2 Nxe3
23.fxe3 Rc8 24.Rb1 cxd4 25.cxd4 Rc3 26.Nf1 Rb8 27.Kf2 Kf8 28.Rb5 a6 29.Rb4 Rc6
30.Nd2 Ke8 31.Rab2 Kd7 32.Nc4 Kc7 33.R2b3 e6 34.d5 exd5 35.exd5 Rf6+ 36.Ke2 Bf8
37.d6+ Bxd6 38.Rxb6 Rxb6 39.Nxb6 Kc6 40.Nc4 Bc7 41.h3 Kd5 42.Nd2 Rc6 43.Rb4 Be5
44.Rb7 Bc7 45.Kd3 f5 46.e4+ fxe4+ 47.Nxe4 h5 48.g4 hxg4 49.hxg4 Ke5 50.Rb1 Rb6
51.Re1 Kf4 52.g5 Rb3+ 53.Kd4 Bb6+ 54.Kd5 Rd3+ 55.Kc6 Ba5 56.Nc5 Rc3 57.Rf1+ Kxg5
58.Kd5 Ra3 59.Rg1+ Kh5 60.Rh1+ Kg5 61.Rg1+ Kf6 62.Ne4+ Kg7 63.Nc5 Bb6 64.Nd7 Bxg1  0-1